Spoločné stravovanie ako druh sociálnych služieb

Salvato in:
Dettagli Bibliografici
Autore principale: Eliašová, Darina
Natura: Capitolo di libro
Lingua:slovacco
Tags: Aggiungi Tag
Nessun Tag, puoi essere il primo ad aggiungerne!!

MARC

LEADER 00000naa$a2200000$$$4500
001 0066774
005 20240502071808.5
041 0 |a slo 
044 |a SK 
245 1 0 |a Spoločné stravovanie ako druh sociálnych služieb  |c Darina Eliašová 
100 1 |a Eliašová, Darina